000 00329nam a2200109Ia 4500
008 200302s9999 xx 000 0 und d
100 _aBert Bielefeld and Others
245 _aBuilding projects in China a manual for architects and engineers
260 _bBirkhauser Publlisher for Architecture
260 _c2006
300 _a208 P.,
999 _c3965
_d3965